| 000 | 00554nam a22001817a 4500 | ||
|---|---|---|---|
| 005 | 20170811105454.0 | ||
| 010 | _aENG-119631 | ||
| 020 |
_a9788123020044 _c145.00 |
||
| 035 | _aEN-103163 | ||
| 037 | _bDBAD/PUB | ||
| 082 | _a921 | ||
| 100 | _aJog, N.G. | ||
| 245 |
_aBuilders of modern India : _cby N.G. Jog _bLokmanya Bal Gangadhar Tilak/ |
||
| 260 |
_aNew Delhi _bPublications Division _c2015 |
||
| 270 | _aSoochna Bhawan, CGO Complex, Lodhi Road. New Delhi-110003 | ||
| 300 |
_a181p. _c22cm.(pbk) |
||
| 942 |
_2ddc _cEN _h921 _mBAL |
||
| 999 |
_c143256 _d143256 |
||